000 00452nam a2200181Ia 4500
001 1487
005 20260306143732.0
008 260306t2006||||xx |||||||||||||| ||spa||
041 _aESP
082 _a150.195
_bP46
100 _aPérez Sales, Pau
_eAUT
245 0 _aTrauma, culpa y duelo:
_bhacia una psicoterapia integradora
260 _c2006
300 _a596 páginas :
_c21 cm.
650 _aGEN
654 _aCPS
942 _cLIB
_dJUS
_fJUS
_2ddc
_n
999 _c1487
_d1487